000 00321nam a22001217a 4500
008 180607b xxu||||| |||| 00| 0 eng d
041 _aeng
080 _a043.3
100 _a0
101 _aSHKI-BA
245 _aAlternative Energy, Role of IT and Software Engineering on Alternative Energy
_cFondaj, F
942 _2udc
_cBK
999 _c46554
_d46554